| 000 | 00000nam 2200000za 4500 |
| 001 | 9.577008 |
| 003 | CaOODSP |
| 005 | 20250303104651 |
| 007 | cr ||||||||||| |
| 008 | 150406|1938||||xxc|||||o f|0| 0 eng d |
| 040 | |aCaOODSP|beng |
| 043 | |an-cn--- |
| 086 | 1 |aA63-1/5-1938E-PDF |
| 100 | 1 |aPepper, Laura C. |
| 245 | 10|aSchool lunches |h[electronic resource] / |cby Laura C. Pepper. |
| 250 | |aReprinted. |
| 260 | |aOttawa : |bDominion of Canada, Department of Agriculture, |c1938. |
| 300 | |a11 p. : |bill. |
| 490 | 1 |a[Household bulletin] ; |v[5] |
| 500 | |aOn cover: Marketing Service, Dairy Products Division. |
| 500 | |aHistorical publication digitized by Agriculture and Agri-Food Canada. |
| 500 | |aIssued also in French under title: Le dîner à l'école. |
| 590 | |a13-17-Supp|b2013-07-25 |
| 690 | 07|aChildren's health|2gcpds |
| 690 | 07|aCooking|2gcpds |
| 690 | 07|aFood|2gcpds |
| 690 | 07|aHome economics|2gcpds |
| 710 | 1 |aCanada. |bDepartment of Agriculture. |
| 775 | 08|tLe dîner à l'école |w(CaOODSP)9.605368 |
| 830 | #0|aHousehold bulletin (Canada. Dept. of Agriculture)|v[5]|w(CaOODSP)9.507549 |
| 856 | 40|ahttp://publications.gc.ca|qPDF|s3.85 MB|uhttps://publications.gc.ca/collections/collection_2013/aac-aafc/agrhist/A63-1-5-1938-eng.pdf|y[5] |